000 00690nam a2200289Ia 4500
005 20260324121206.0
008 008 260324s9999 xx 000 0 eng d
020 _a9781315813639
037 _aEBOOK
040 _aCRL
040 _beng
040 _cCRL
041 _2eng
041 _aeng
084 _qCRL
100 _aBarbara Kamler; Pat Thomson
_91161558
245 0 _aHelping Doctoral Students Write
245 0 _bPedagogies for supervision
260 _bTaylor and Francis
260 _c2014
365 _a
365 _b230
856 _uhttp://www.taylorfrancis.com/books/9781315813639
942 _cEBOOK
999 _c1753496
_d1753496